Informačná sústava podniku základy účtovníctva

Gespeichert in:
Bibliographische Detailangaben
1. Verfasser: Králiček, Vladimír
Körperschaft: Vysoká škola ekonomická v Bratislave. Fakulta riadenia
Format: Buch
Sprache:Slowakisch
Veröffentlicht: Bratislava Edičné stredisko Vysokej školy ekonomickej 1977
Ausgabe:2. vyd.
Schlagworte:
Tags: Tag hinzufügen
Keine Tags, Fügen Sie das erste Tag hinzu!

MARC

LEADER 00000nam$a2200000$$$4500
001 0042619
005 20240109105357.1
041 0 |a slo 
044 |a SK 
245 1 0 |a Informačná sústava podniku  |b základy účtovníctva  |c Vladimír Králiček 
250 |a 2. vyd. 
264 1 |a Bratislava  |b Edičné stredisko Vysokej školy ekonomickej  |c 1977 
300 |a 235 s. 
610 2 0 |a účtovníctvo 
610 2 0 |a sústava podniku informačná 
100 1 |a Králiček, Vladimír 
710 2 |a Vysoká škola ekonomická v Bratislave. Fakulta riadenia